| 000 | 00872nam a22002657a 4500 | ||
|---|---|---|---|
| 003 | OSt | ||
| 005 | 20240402161401.0 | ||
| 008 | 230609q1983 |||||||| |||| 00| f spa d | ||
| 020 | _a8475302955 | ||
| 040 |
_aCO-JMCR _bspa _cCO-JMCR _dCO-JMCR |
||
| 041 | 1 |
_aspa _hswe |
|
| 082 | 0 |
_aA-N _bLAGm |
|
| 100 | 1 |
_aLagerlöf, Selma, _eautora _913364 |
|
| 245 | 1 | 3 |
_aEl maravilloso viaje de Nils Holgersson a través de Suecia / _cSelma Lagerlöf |
| 246 | _aNils Holgersson underbara resa | ||
| 260 |
_aBogotá : _bEdiciones Orbis, _c[1983] |
||
| 300 |
_a298 páginas ; _c20 cm. |
||
| 490 | 1 |
_aLos premios nobel ; _v43 |
|
| 500 | _aTítulo original: Nils Holgersson underbara resa | ||
| 546 | _aTraducido del sueco | ||
| 586 | _aPremio Nobel Literatura 1909 | ||
| 650 | 1 | 4 |
_aNovela sueca _ySiglo XX _942747 |
| 650 | 1 | 4 |
_aLiteratura sueca _ySiglo XX _943628 |
| 942 |
_2ddc _cBK |
||
| 999 |
_c30046 _d16430 |
||